[Event "Niederoesterreich Landesliga 0506"]
[Site "Austria"]
[Date "2005.12.04"]
[Round "7"]
[White "Weinzettl, Ernst"]
[Black "Steinhauer, Johann"]
[Result "1-0"]
[WhiteElo "2325"]
[BlackElo "1969"]
[PlyCount "59"]
[EventDate "2005.09.18"]
[EventType "team-tourn"]
[EventRounds "13"]
[EventCountry "AUT"]
[SourceTitle "EXT 2022"]
[Source "ChessBase"]
[SourceDate "2021.10.06"]
[SourceVersion "1"]
[SourceVersionDate "2021.10.06"]
[SourceQuality "1"]

1. e4 e5 2. Nf3 Nc6 3. Bb5 f5 4. d3 fxe4 5. dxe4 Nf6 6. Qe2 Bb4+ 7. c3 Be7 8. Bxc6 bxc6 9. Nxe5 d6 10. Nxc6 Qd7 11. Nxe7 Qxe7 12. f3 0-0 13. Bg5 a5 14. c4 Qe5 15. Bxf6 Rxf6 16. Nc3 c6 17. 0-0 Be6 18. Rad1 Raf8 19. Qd3 Qc5+ 20. Qd4 Qh5 21. Rf2 Rh6 22. Qxd6 Bxc4 23. Qc7 Qc5 24. Na4 Qe3 25. Qxa5 Bxa2 26. Qc3 Qf4 27. g3 Qc7 28. b3 Qa7 29. Qc4+ Kh8 30. Qc5 1-0

[Event "Niederoesterreich Landesliga 0405"]
[Site "Austria"]
[Date "2005.04.03"]
[Round "10"]
[White "Wiedner, Robert"]
[Black "Steinhauer, Johann"]
[Result "1/2-1/2"]
[WhiteElo "2147"]
[BlackElo "1976"]
[PlyCount "27"]
[EventDate "2004.09.19"]
[EventType "team-tourn"]
[EventRounds "11"]
[EventCountry "AUT"]
[SourceTitle "EXT 2022"]
[Source "ChessBase"]
[SourceDate "2021.10.06"]
[SourceVersion "1"]
[SourceVersionDate "2021.10.06"]
[SourceQuality "1"]

1. e4 e5 2. Nf3 Nc6 3. Bb5 f5 4. d4 fxe4 5. Nxe5 Qf6 6. Nc3 Bb4 7. Bxc6 bxc6 8. 0-0 Bxc3 9. bxc3 d6 10. Nxc6 Bd7 11. Nb4 Ne7 12. Nd5 Nxd5 13. Qh5+ Qg6 14. Qxd5 1/2-1/2